000 00635nam a2200193 i 4500
001 99265
003 ES-MaACL
005 20250827062546.0
007 t|
008 050906s1982 sp ||||1| spa d
100 1 _aMartín Moreno, Jaime.
_977578
245 1 0 _aSociología de las profesiones en España /
_cJaime Martín Moreno, Amando de Miguel.
260 _aMadrid :
_bCentro de Investigaciones Sociológicas,
_c1982.
300 _a200 p. ;
_c20 cm.
700 1 _aMiguel, Amando de.
_981000
710 2 _aCentro de Investigaciones Sociológicas (España)
_92708
852 _aES-MaACL
_jL-4366
_bR.104771
999 _c99265
_d99265